000 00445nam a22001577a 4500
005 20240827091349.0
008 240827b |||||||| |||| 00| 0 eng d
041 _aEnglish
082 _a349 LAW
100 _lEnglish
245 _aThe Laws of South West Africa 1948
260 _aWindhoek:
_c1948
_bBy Authority,
300 _blxvii, 291 pages;
_c25 cm.
650 _aLegal practice
_bLaw
942 _cBK
_6ALISON_BN_VRIES
999 _c2849
_d2849